| 000 | 00345nam a2200133Ia 4500 | ||
|---|---|---|---|
| 008 | 240624s9999 xx 000 0 und d | ||
| 041 | _aeng | ||
| 082 | _a658.8 LEV | ||
| 100 | _aLEVENTHAL BARRY | ||
| 245 | _aPREDICTIVE ANALYTICS FOR MARKETERS USING | ||
| 260 |
_c2018 _aLondon _bKogan Page |
||
| 300 | _axvi, 251 p.; 23 cm. | ||
| 365 |
_cBPS _b35 |
||
| 999 |
_c31703 _d31703 |
||